| 000 | 01258nam a2200265 a 4500 | ||
|---|---|---|---|
| 001 | BRL_1122 | ||
| 005 | 20190320211038.0 | ||
| 008 | 131113s1960----au-a######---#000-0#ger-# | ||
| 041 | _ager | ||
| 044 | _aau | ||
| 050 | 4 |
_aF1219 _b.S45 1960 |
|
| 100 | 1 |
_aSeler, Eduard _d1849-1922 _95287 |
|
| 245 | 1 | 0 |
_aGesammelte Abhandlungen zur Amerikanischen sprach- und Altertumskunde _cEduard seler. |
| 260 |
_aGraz, Austria _bAkademische druck-U. verlagsanstalt _c1960 |
||
| 300 |
_a5 v. _bil. _c25 cm. |
||
| 500 | _av.1 Au1276; v.2 Au1275; v.3 Au1274 | ||
| 500 | _aLa bibloteca cuenta solo con los volumnes 1,2 y 3 | ||
| 505 | 0 | _aContenido: v.1 Sprachliches, Bilderschriften, Kalender und Hieroglyphenentzifferung - v.2 Zur Geschichte und Volkskunde México´s; Reisewege und Ruinen; Archäologisches aus Mexiko; Die religiösen Gesänge der alten Mexikaner - v.3 Geschichtliches; Bilderschriften, Kalendarisches und Mythologie; Ethnographisches und Archäologisches aus México; Archäologisches und anderes aus den Maya-Ländern. | |
| 650 | 1 | 4 |
_aIndígenas de México _xAntigüedades _9509 |
| 650 | 1 | 4 |
_aRitos y ceremonias _zMéxico _925852 |
| 650 | 1 | 4 |
_aManuscritos mexicanos _9781 |
| 651 | 4 |
_aMéxico _xAntigüedades _92765 |
|
| 902 | _aGRL | ||
| 942 |
_2lcc _cB |
||
| 999 |
_c9934 _d9934 |
||